ბათუმის შოთა რუსთაველის სახელმწიფო უნივერსიტეტის ბიბლიოთეკა

პოლ ვერლენი და სხვა ფრანგი სიმბოლისტები = Paul Verlaine at les autres symbolistes Francais / (ბიბ.ჩანაწერი № 43699)

000 -ლიდერი
ფიქსირებული სიგრძის საკონტროლო ველი 01279nam a2200229Ia 4500
001 - საკონტროლო ნომერი
საკონტროლო ველი 10439
003 - საკონტროლო ნომრის იდენტიფიკატორი
საკონტროლო ველი GE_BSU
005 - ბოლო ოპერაციის თარიღი და დრო
საკონტროლო ველი 20240613105229.0
008 - ფიქსირებული სიგრძის მონაცემთა ელემენტები - ზოგადი ინფორმაცია
ფიქსირებული სიგრძის საკონტროლო ველი 181216s2014||||ge |||||||||||||| ||geo||
020 ## - წიგნის საერთაშორისო სტანდარტული ნომერი
International Standard Book Number 9789994021055
040 ## - კატალოგიზაციის წყარო
Transcribing agency GE_BSU
041 ## - ენის კოდი
Language code of text/sound track or separate title geo
080 ## - უნივერსალური ათობითი კლასიფიკაციის ინდექსი
Universal Decimal Classification number 821.133.1-1 დ–40
245 ## - ცნობა სათაურის შესახებ
Title პოლ ვერლენი და სხვა ფრანგი სიმბოლისტები = Paul Verlaine at les autres symbolistes Francais /
Statement of responsibility, etc ფრანგ. თარგმნა ბადრი თევზაძემ ; [რედ. ლალი კონცელიძე].
264 ## - წარმოების, გამოცემის, დისტრიბუციის და სხვა ცნობები
გამოცემის, წარმოების, დისტრიბუციის... ადგილი ბათუმი :
გამოცემის, წარმოების, დისტრიბუციის... სახელწოდება გამ–ბა აჭარა,
გამოცემის, წარმოების, დისტრიბუციის... თარიღი 2014.
300 ## - ფიზიკური აღწერა
Extent 248 გვ. :
Other physical details ფოტ. ;
Dimensions 20 სმ.
500 ## - ზოგადი შენიშვნა
General note პარალ. თავფურ. ფრანგ.
500 ## - ზოგადი შენიშვნა
General note წიგნი გამოდის აჭარის ა/რ განათლების, კულტურისა და სპორტის სამინისტროს მხარდაჭერით
653 ## - INDEX TERM--UNCONTROLLED
Uncontrolled term პოლ ვერლენი და სხვა ფრანგი სიმბოლისტები
700 ## - ADDED ENTRY--PERSONAL NAME
Personal name ვერლენი, პ. (პოლ)
Relator term ავტორი
9 (RLIN) 22412
942 ## - ADDED ENTRY ELEMENTS (KOHA)
Koha item type წიგნი
Source of classification or shelving scheme
ეგზემპლარები
ჩამოწერის სტატუსი დაკარგული ეგზემპლარის სტატუსი კლასიფიკაციის წყარო ან თაროზე გაწყობის სქემა დაზიანების სტატუსი არ გაიცემა მუდმივი მდებარეობა (დაცვის ადგილი) ამჟამინდელი ადგილსამყოფელი თაროზე განთავსების ადგილი შეძენის თარიღი სრული შენახვის შიფრი შტრიხკოდი ბოლო ოპერაციის თარიღი ეგზემპლარის მიმდევრობითი ნომერი (კეტერი?) ფასის ძალაში შესვლის თარიღი ეგზემპლარის სახეობა
          ბათუმის შოთა რუსთაველის სახელმწიფო უნივერსიტეტის მთავარი ბიბლიოთეკა ბათუმის შოთა რუსთაველის სახელმწიფო უნივერსიტეტის მთავარი ბიბლიოთეკა წიგნსაცავი 2018-12-17 821.133.1-1 დ–40 26867 2018-12-17 26867 2018-12-17 წიგნი